[Event "Chess House GM-Tourney 2019"]
[Site "Aarhus"]
[Date "2019.02.17"]
[Round "9.5"]
[White "Grivas, Efstratios"]
[Black "Bach, Matthias"]
[Result "1-0"]
[WhiteElo "2413"]
[BlackElo "2307"]
[Annotator "TA"]
[PlyCount "159"]
[EventDate "2019.02.09"]
[EventType "tourn"]
[EventCountry "DEN"]
[SourceTitle "playchess.com"]
[Source "ChessBase"]
[SourceQuality "1"]

{[%evp 9,159,35,35,33,38,38,68,65,70,65,81,67,81,71,75,61,60,65,100,99,111,112,138,139,148,146,145,135,175,150,175,168,168,139,155,130,199,145,198,145,195,187,186,106,215,222,217,184,196,174,174,174,174,167,174,174,174,174,174,174,193,193,193,193,193,193,193,167,193,193,193,193,193,193,193,193,193,193,193,193,325,193,269,193,193,193,193,169,183,183,193,160,351,329,383,375,376,360,601,600,528,381,657,645,571,378,547,495,1052,801,806,807,741,824,820,813,778,416,435,410,806,797,797,775,746,631,696,693,1141,960,877,745,1833,1760,5193,1797,12765,10993,29974,29976,29976,29977,29977,29978,29982,29983,29983,29984,29984,29985,29986,29986]} 1. c4 {Ribli,Z} Nf6 2. Nf3 g6 3. b4 a5 4. b5 c5 5. Bb2 Bg7 {LiveBook: 3 Games} 6. g3 {A15: English Opening: 1...Nf6} d6 7. Bg2 Be6 $146 ({Predecessor:} 7... O-O 8. O-O e5 9. d3 Ra7 10. Nc3 b6 11. Nd2 Nh5 12. e4 Nd7 13. Re1 Ndf6 14. Nd5 Re8 15. a4 Bh6 {½-½ (50) Vaganian,R (2630)-Popovic,P (2520) Manila 1990 CBM 019 [Ribli,Z]}) 8. d3 {White is slightly better.} h6 9. Nc3 O-O 10. O-O Nbd7 11. Qc2 Nb6 12. h3 Qc8 13. Kh2 g5 14. e4 Re8 15. Rae1 Nfd7 16. Nd2 f6 17. f4 {[%cal Bf2f4,Bf4f5][%mdl 32]} Bf7 18. Nd1 e5 19. Ne3 Bg6 20. f5 Bf7 21. h4 Kf8 22. Bf3 Ke7 (22... h5 $16) 23. Qd1 (23. h5 $18) 23... Rg8 (23... gxh4 $16 {was necessary.} 24. gxh4 Rg8) 24. Bh5 (24. h5 $18) 24... Qe8 25. Bxf7 Qxf7 26. Kg2 (26. h5 $18) 26... Nc8 (26... gxh4 $16 27. Rh1 (27. gxh4 h5 $14) 27... hxg3) 27. Rh1 $18 Kd8 28. hxg5 hxg5 29. Qh5 Qxh5 30. Rxh5 Ne7 31. Nb1 b6 32. Nc3 Ke8 33. Reh1 Kf7 34. Ncd5 Nxd5 35. cxd5 (35. exd5 $6 Rae8 $16) 35... Rab8 36. Nc4 Ke7 37. Kf3 Nf8 38. Kg4 Kd7 39. a4 Kc7 40. Bc3 Ra8 41. Bd2 Nd7 42. Rb1 Rab8 43. Bc3 Rb7 44. Rh2 Ra8 (44... Rbb8 $142 45. Rbh1 Rbe8) 45. Bd2 (45. Rh7 $142 Rg8 46. Rbh1) 45... Rg8 (45... Rbb8 $142 46. Rh7 Rg8) 46. Ra1 Ra7 47. Bc3 Raa8 48. Rb2 Rgb8 49. Rh1 Rg8 50. Bxa5 bxa5 $2 {[#]} (50... Rgf8 $16 {might work better.} 51. Bc3 (51. Rh7 Rf7 $16) 51... Rxa4) 51. b6+ Kb8 52. Nxd6 Ra6 53. Nc4 Kb7 $2 (53... Re8 54. Rb5 Rh8) 54. Rb5 Kb8 55. Rhb1 Bf8 $2 (55... Re8 56. R1b2 (56. Rxa5 Rxa5 57. Nxa5 Bf8 $18) 56... Rh8 57. Nxa5 Re8) 56. Nxa5 Bd6 57. Nc4 Be7 (57... Bf8 $142 58. b7 Bd6) 58. Rh1 Nf8 (58... Bf8 $142 59. a5 Ra8) 59. a5 Kb7 60. d6 Bxd6 61. Nxd6+ Kc6 62. b7 (62. Rh6 Nd7 $17) 62... Nd7 63. b8=Q Nxb8 {[#]} 64. Rhb1 $1 ({Not} 64. Rh6 $2 Nd7 $19) 64... Kxd6 (64... Nd7 $142) 65. Rxb8 Rxb8 66. Rxb8 Rxa5 {[%mdl 4096] Endgame KR-KR} 67. Rb6+ Ke7 68. Rb7+ Ke8 69. Kh5 Ra6 70. Kg6 g4 71. Rc7 Rd6 72. Rxc5 Rxd3 73. Kxf6 Rxg3 74. Rxe5+ {White mates.} Kd7 75. Re7+ Kc6 76. Rg7 Rg1 77. e5 {[%cal Be4e5,Be5e6,Be6e7][%mdl 32]} g3 78. e6 g2 79. Rg8 Kd6 80. e7 {Precision: White = 68%, Black = 33%.} 1-0